English Collocations in Use. Intermediate. How words work together for fluent and natural english. Self-study and classroom use
Đã lưu trong:
| Những tác giả chính: | , |
|---|---|
| Định dạng: | Không biết |
| Ngôn ngữ: | Tiếng Anh |
| Được phát hành: |
Cambridge, United Kingdom:
Cambridge University Press,
2017
|
| Phiên bản: | Second edition. |
| Những chủ đề: | |
| Các nhãn: |
Thêm thẻ
Không có thẻ, Là người đầu tiên thẻ bản ghi này!
|
MARC
| LEADER | 00000 a2200000 4500 | ||
|---|---|---|---|
| 003 | CL-VaPUC | ||
| 005 | 20250312142218.0 | ||
| 008 | 211228b2017 ||||| |||| 00| 0 eng d | ||
| 999 | |c 434404 |d 434402 | ||
| 020 | |a 978-1-31-66297-58 | ||
| 040 | |c Pontificia Universidad Católica de Valparaíso | ||
| 082 | 7 | |a 428 MCC 2017 |2 22 | |
| 100 | |a McCarthy, Michael |9 599142 |e autor | ||
| 245 | |a English Collocations in Use. |b Intermediate. How words work together for fluent and natural english. Self-study and classroom use | ||
| 250 | |a Second edition. | ||
| 260 | |a Cambridge, United Kingdom: |b Cambridge University Press, |c 2017 | ||
| 300 | |a 190 páginas | ||
| 583 | |k Cristina María Rojas Aguilar |c 20211228 | ||
| 650 | 0 | |a Lengua inglesa |x Modismos |9 318842 | |
| 650 | 0 | |a Gramática inglesa |9 392981 | |
| 650 | 0 | |a Colocación (lingüística) |9 865498 | |
| 700 | |a Oï Dell, Felicity |e author |9 521685 | ||
| 942 | |2 ddc |c BK | ||
| 952 | |0 0 |1 0 |2 ddc |4 0 |6 428_000000000000000_MCC_2017 |7 0 |8 A |9 580278 |a BIBEDU |b BIBEDU |c GEN |d 2022-01-07 |e 3 |g 23926.00 |i 5634113 |l 1 |m 1 |o 428 MCC 2017 |p 5634113 |r 2024-03-08 |s 2023-08-16 |t 2 |v 23926.00 |w 2022-01-07 |y BK |k LIT | ||
| 952 | |0 0 |1 0 |2 ddc |4 0 |6 428_000000000000000_MCC_2017 |7 0 |8 A |9 580279 |a BIBEDU |b BIBEDU |c GEN |d 2022-01-07 |e 3 |g 23926.00 |i 5634105 |l 4 |o 428 MCC 2017 |p 5634105 |r 2023-08-30 |s 2023-08-23 |t 1 |v 23926.00 |w 2022-01-07 |y BK |k LIT | ||
| 952 | |0 0 |1 0 |2 ddc |4 0 |6 428_000000000000000_MCC_2017 |7 0 |8 A |9 580280 |a BIBEDU |b BIBEDU |c GEN |d 2022-01-07 |e 3 |g 23926.00 |i 5634121 |l 1 |o 428 MCC 2017 |p 5634121 |r 2024-09-09 |s 2024-09-05 |t 3 |v 23926.00 |w 2022-01-07 |y BK |k LIT | ||